Statistics for Parks and Recreation Trivia #2

Click here to take the quiz!

General Stats

  • This quiz has been taken 629 times
    (585 since last reset)
  • The average score is 10 of 20

Answer Stats

Hint Answer % Correct
Leslie's favorite foodWaffles
99%
Tom and Donna's taglineTreat Yo Self
84%
The town in which Leslie was bornEagleton
77%
Sinister place in City HallThe Fourth Floor
75%
Jerry's beautiful wifeGayle
73%
Local adult film starBrandi Maxxxx
72%
Andy's FBI alter egoBurt Macklin
67%
April's incredibly creepy friendOrin
61%
Leslie's dimwit rival candidate for city councilBobby Newport
59%
Donna's famous cousinGinuwine
54%
Jerry's birthdayFebruary 29
51%
Chris Traeger's therapistDr. Richard Nygard
41%
Councilman who frequently runs into Leslie when she is doing something unprofessionalCouncilman Howser
40%
April's middle nameRoberta
38%
Ron's favorite whiskeyLagavulin
29%
Leslie's worldly yet selfish ex-boyfriendJustin
26%
What Dr. Saperstein sees on the computer monitor of Leslie's ultrasound that leads him to believe that there is a fourth embryoCream Cheese
21%
Former NBA player who helps with Pawnee's diabetes telethonDetlef Schrempf
15%
Animal Control potheadHarris
13%
Animal Control potheadBrett
11%

Score Distribution

Percentile by Number Answered

Percent of People with Each Score

Your Score History

You have not taken this quiz since the last reset